Proceeding of The second All India confrence Of Dravidian Linguists (Record no. 825)

MARC details
000 -LEADER
fixed length control field 00397nam a22001097a 4500
008 - FIXED-LENGTH DATA ELEMENTS--GENERAL INFORMATION
fixed length control field 160624b xxu||||| |||| 00| 0 eng d
100 ## - MAIN ENTRY--PERSONAL NAME
9 (RLIN) 1028
Personal name Reddy, G, N,
245 ## - TITLE STATEMENT
Title Proceeding of The second All India confrence Of Dravidian Linguists
260 ## - PUBLICATION, DISTRIBUTION, ETC. (IMPRINT)
Place of publication, distribution, etc. Kerala
Name of publisher, distributor, etc. Dravidion Lingustics Association
Date of publication, distribution, etc. 1972
300 ## - PHYSICAL DESCRIPTION
Extent Proceeding of The second All India confrence Of Dravidian Linguists
942 ## - ADDED ENTRY ELEMENTS (KOHA)
Source of classification or shelving scheme Dewey Decimal Classification
Koha item type BOOK
Holdings
Withdrawn status Lost status Source of classification or shelving scheme Damaged status Not for loan Home library Current library Shelving location Date acquired Total Checkouts Full call number Barcode Date last seen Price effective from Koha item type
    Dewey Decimal Classification     Good Samaritan School Library Good Samaritan School Library English 06/24/2016   RED410 B-5 RED547 08/30/2017 06/24/2016 BOOK

Powered by Koha